| 000 | 00577nam a2200205 a 4500 | ||
|---|---|---|---|
| 005 | 20140310183459.0 | ||
| 008 | 091208s19uu xx 00 eng d | ||
| 020 | _a9781584505709 | ||
| 050 |
_aTR 897.7 _b.G72 2009 |
||
| 100 | _aGranberg, Carl | ||
| 245 |
_aCharacter animation with direct3D / _cCarl Granberg |
||
| 260 |
_aAustralia : _bCourse Technology, _c2009. |
||
| 300 |
_a429 p. : _bill. ; _c24 cm. |
||
| 521 | _aMA | ||
| 650 | _a3D Max (Computer file). | ||
| 650 | _aAdobe Photoshop. | ||
| 650 | _aComputer animation. | ||
| 942 |
_cBK _2lcc _kFOR |
||
| 999 |
_c23803 _d23803 |
||